000 00262nam a22001097a 4500
008 240703b |||||||| |||| 00| 0 eng d
100 _aJuggashu, Joga Singh
_916414
245 _aUsha Nisha
260 _aDelhi:
_bNavyug Pub;
_c1969.
300 _a95p.
942 _cBK
999 _c40355
_d40355